<?xml version="1.0" encoding="UTF-8"?>
<record
    xmlns:xsi="http://www.w3.org/2001/XMLSchema-instance"
    xsi:schemaLocation="http://www.loc.gov/MARC21/slim http://www.loc.gov/standards/marcxml/schema/MARC21slim.xsd"
    xmlns="http://www.loc.gov/MARC21/slim">

  <leader>02573nam a2200421 i 4500</leader>
  <controlfield tag="001">50088</controlfield>
  <controlfield tag="003">FINmELB</controlfield>
  <controlfield tag="005">20241216232208.0</controlfield>
  <controlfield tag="006">m     o  u        </controlfield>
  <controlfield tag="007">cr cn|||||||||</controlfield>
  <controlfield tag="008">220328s2021    mx ad  fo     000 0 spa d</controlfield>
  <datafield tag="020" ind1=" " ind2=" ">
    <subfield code="a">978-607-564-292-5</subfield>
    <subfield code="q">(versi&#xF3;n electr&#xF3;nica)</subfield>
  </datafield>
  <datafield tag="020" ind1=" " ind2=" ">
    <subfield code="z">978-607-564-259-8</subfield>
    <subfield code="q">(versi&#xF3;n impresa)</subfield>
  </datafield>
  <datafield tag="035" ind1=" " ind2=" ">
    <subfield code="a">(OCoLC)1311929285</subfield>
  </datafield>
  <datafield tag="040" ind1=" " ind2=" ">
    <subfield code="a">FINmELB</subfield>
    <subfield code="b">spa</subfield>
    <subfield code="e">rda</subfield>
    <subfield code="c">FINmELB</subfield>
  </datafield>
  <datafield tag="050" ind1=" " ind2="4">
    <subfield code="a">P291</subfield>
    <subfield code="b">.S568 2021</subfield>
  </datafield>
  <datafield tag="082" ind1="0" ind2="4">
    <subfield code="a">465</subfield>
    <subfield code="2">23</subfield>
  </datafield>
  <datafield tag="245" ind1="0" ind2="0">
    <subfield code="a">Sintaxis :</subfield>
    <subfield code="b">de la sem&#xE1;ntica a la estructura de la informaci&#xF3;n /</subfield>
    <subfield code="c">Sergio Bogard, editor.</subfield>
  </datafield>
  <datafield tag="250" ind1=" " ind2=" ">
    <subfield code="a">Primera edici&#xF3;n.</subfield>
  </datafield>
  <datafield tag="264" ind1=" " ind2="1">
    <subfield code="a">Ciudad de M&#xE9;xico, M&#xE9;xico :</subfield>
    <subfield code="b">El Colegio de M&#xE9;xico, Centro de Estudios Ling&#xFC;&#xED;sticos y Literarios,</subfield>
    <subfield code="c">2021.</subfield>
  </datafield>
  <datafield tag="300" ind1=" " ind2=" ">
    <subfield code="a">1 recurso en l&#xED;nea (250 p&#xE1;ginas) :</subfield>
    <subfield code="b">tablas, gr&#xE1;ficas</subfield>
  </datafield>
  <datafield tag="336" ind1=" " ind2=" ">
    <subfield code="a">texto</subfield>
    <subfield code="b">txt</subfield>
    <subfield code="2">rdacontent/spa</subfield>
  </datafield>
  <datafield tag="337" ind1=" " ind2=" ">
    <subfield code="a">computadora</subfield>
    <subfield code="b">c</subfield>
    <subfield code="2">rdamedia/spa</subfield>
  </datafield>
  <datafield tag="338" ind1=" " ind2=" ">
    <subfield code="a">recurso en l&#xED;nea</subfield>
    <subfield code="b">cr</subfield>
    <subfield code="2">rdacarrier/spa</subfield>
  </datafield>
  <datafield tag="490" ind1="1" ind2=" ">
    <subfield code="a">Estudios de ling&#xFC;&#xED;stica ;</subfield>
    <subfield code="v">XXXVI</subfield>
  </datafield>
  <datafield tag="505" ind1="0" ind2="0">
    <subfield code="t">Presentaci&#xF3;n /</subfield>
    <subfield code="r">Victoria Huila Cruz --</subfield>
    <subfield code="t">me alejo de ti mientras se acerca el oto&#xF1;o. Una aproximaci&#xF3;n a las construcciones de los predicados acercarse y alejarse /</subfield>
    <subfield code="r">Alejandra Itzel Ortiz Villegas, H. Antonio Garc&#xED;a Z&#xFA;&#xF1;iga &#x443; Armando Mora --</subfield>
    <subfield code="t">Bustos --</subfield>
    <subfield code="t">Cl&#xE1;usulas relativas adverbiales /</subfield>
    <subfield code="r">Alessia Gabriela Tovar Ruiz --</subfield>
    <subfield code="t">Oraciones subordinadas adverbiales condicionales introducidas por cuando y mientras /</subfield>
    <subfield code="r">Blanca Elena Sanz Mart&#xED;n --</subfield>
    <subfield code="t">Marcadores discursivos derivados del verbo ver. el caso de ya ve(s) /</subfield>
    <subfield code="r">Graciela Fern&#xE1;ndez Ruiz --</subfield>
    <subfield code="t">Sobre el significado de por eso y por lo tanto. Un primer acercamiento /</subfield>
    <subfield code="r">Bernardo E. P&#xE9;rez &#xC1;lvarez --</subfield>
    <subfield code="t">Ello y lo de + nombre: sus roles en la oraci&#xF3;n y en el discurso /</subfield>
    <subfield code="r">Sergio Bogard --</subfield>
    <subfield code="t">Objeto indirecto y objeto directo. la referencia humana en la construcci&#xF3;n de la estructura informativa en espa&#xF1;ol /</subfield>
    <subfield code="r">Gloria Jacqueline Aguilar Cruz.</subfield>
  </datafield>
  <datafield tag="588" ind1=" " ind2=" ">
    <subfield code="a">Descripci&#xF3;n basada en metadatos suministrados por el editor y otras fuentes.</subfield>
  </datafield>
  <datafield tag="590" ind1=" " ind2=" ">
    <subfield code="a">Recurso electr&#xF3;nico. Santa Fe, Arg.: elibro, 2022. Disponible v&#xED;a World Wide Web. El acceso puede estar limitado para las bibliotecas afiliadas a elibro.</subfield>
  </datafield>
  <datafield tag="650" ind1=" " ind2="4">
    <subfield code="a">Espa&#xF1;ol</subfield>
    <subfield code="x">Sintaxis.</subfield>
  </datafield>
  <datafield tag="650" ind1=" " ind2="0">
    <subfield code="a">Semantics.</subfield>
  </datafield>
  <datafield tag="650" ind1=" " ind2="0">
    <subfield code="a">Grammar, Comparative and general</subfield>
    <subfield code="x">Syntax.</subfield>
  </datafield>
  <datafield tag="650" ind1=" " ind2="4">
    <subfield code="a">Espa&#xF1;ol</subfield>
    <subfield code="x">Sem&#xE1;ntica.</subfield>
  </datafield>
  <datafield tag="655" ind1=" " ind2="4">
    <subfield code="a">Libros electr&#xF3;nicos.</subfield>
  </datafield>
  <datafield tag="700" ind1="1" ind2=" ">
    <subfield code="a">Bogard, Sergio,</subfield>
    <subfield code="e">editor.</subfield>
  </datafield>
  <datafield tag="797" ind1="2" ind2=" ">
    <subfield code="a">elibro, Corp.</subfield>
  </datafield>
  <datafield tag="830" ind1=" " ind2="0">
    <subfield code="a">Estudios de ling&#xFC;&#xED;stica ;</subfield>
    <subfield code="v">XXXVI.</subfield>
  </datafield>
  <datafield tag="856" ind1="4" ind2="0">
    <subfield code="u">https://elibro.net/ereader/politecnicointernacional/194841</subfield>
  </datafield>
  <datafield tag="999" ind1=" " ind2=" ">
    <subfield code="c">50088</subfield>
    <subfield code="d">50088</subfield>
  </datafield>
</record>
